Welcome to CU Library Online Public Access Catalogue (OPAC)

Foreign exchange risk management / (Record no. 8961)

MARC details
000 -LEADER
fixed length control field 00710cam a22002294a 4500
001 - CONTROL NUMBER
control field 15471302
005 - DATE AND TIME OF LATEST TRANSACTION
control field 20260312092202.0
008 - FIXED-LENGTH DATA ELEMENTS--GENERAL INFORMATION
fixed length control field 081001s2007 ii b 001 0 eng
020 ## - INTERNATIONAL STANDARD BOOK NUMBER
International Standard Book Number 9788177081473
020 ## - INTERNATIONAL STANDARD BOOK NUMBER
International Standard Book Number 8177081470
050 00 - LIBRARY OF CONGRESS CALL NUMBER
Classification number HG3971
Item number .J35 2007
082 00 - DEWEY DECIMAL CLASSIFICATION NUMBER
Classification number 332.4/5
Edition information 22
100 1# - MAIN ENTRY--PERSONAL NAME
Personal name Jain, Nidhi.
245 10 - TITLE STATEMENT
Title Foreign exchange risk management /
Statement of responsibility, etc. Nidhi Jain.
260 ## - PUBLICATION, DISTRIBUTION, ETC.
Place of publication, distribution, etc. New Delhi :
Name of publisher, distributor, etc. New Century Publications,
Date of publication, distribution, etc. 2007.
300 ## - PHYSICAL DESCRIPTION
Extent xii, 234 p. ;
Dimensions 23 cm.
650 #0 - SUBJECT ADDED ENTRY--TOPICAL TERM
Topical term or geographic name entry element Foreign exchange market
Geographic subdivision India.
650 #0 - SUBJECT ADDED ENTRY--TOPICAL TERM
Topical term or geographic name entry element Foreign exchange market.
650 #0 - SUBJECT ADDED ENTRY--TOPICAL TERM
Topical term or geographic name entry element Risk management.
856 41 - ELECTRONIC LOCATION AND ACCESS
Materials specified Table of contents only
Uniform Resource Identifier <a href="http://www.loc.gov/catdir/toc/fy1001/2008471515.html">http://www.loc.gov/catdir/toc/fy1001/2008471515.html</a>
942 ## - ADDED ENTRY ELEMENTS (KOHA)
Source of classification or shelving scheme Library of Congress Classification
Koha item type Books
Suppress in OPAC No
999 ## -
-- 8961
-- 8961
Holdings
Withdrawn status Lost status Source of classification or shelving scheme Damaged status Not for loan Collection Home library Current library Shelving location Date acquired Total checkouts Full call number Barcode Date last seen Copy number Price effective from Koha item type
    Library of Congress Classification     Non-fiction Business Library (Miotso) Business Library (Miotso) General stacks 03/11/2026   HG3971 .J35 2007 BSSM00002575 03/12/2026 1 03/11/2026 Books
    Library of Congress Classification     Non-fiction Business Library (Miotso) Business Library (Miotso) General stacks 03/11/2026   HG3971 .J35 2007 BSSM00002576 03/12/2026 2 03/11/2026 Books
    Library of Congress Classification     Non-fiction Business Library (Miotso) Business Library (Miotso) General stacks 03/11/2026   HG3971 .J35 2007 BSSM00002577 03/12/2026 3 03/11/2026 Books
    Library of Congress Classification     Non-fiction Business Library (Miotso) Business Library (Miotso) General stacks 03/11/2026   HG3971 .J35 2007 BSSM00002578 03/12/2026 4 03/11/2026 Books
© 2023-2024 Copyright: Central University Libraries. All Rights Reserved | Created by: Mahone Tech Office